| 000 | 01459nam a22002537a 4500 | ||
|---|---|---|---|
| 999 |
_c63093 _d63093 |
||
| 003 | Ge_BSU | ||
| 005 | 20250602110615.0 | ||
| 008 | 250602s2024 ge ||||| |||| 00| 0 geo d | ||
| 020 | _a9789941987878 | ||
| 041 | _ageo | ||
| 080 | _a1-37 ქ-79 | ||
| 100 |
_aქსენოფონტი _9748 |
||
| 245 |
_aმოგონებები სოკრატეზე; სოკრატეს აპოლოგია = Memorabilia ; Apologia Socratis / _c ქსენოფონტი; ძვ. ბერძნ. თარგმნა, შესავალი წერილი, შენიშვნები და სახელთა საძიებელი დაურთო აკაკი ურუშაძემ ; მხატვარი მერაბ გეწაძე. |
||
| 250 | _aI ქართული გამოცემა | ||
| 264 |
_aთბილისი : _bCarpe diem, _c2024. |
||
| 300 |
_a271 გვ. ; _b16 სმ. |
||
| 500 | _aპირთა, ეთნიკური და გეოგრაფიული სახელები: გვ. 271. | ||
| 501 | _a შენიშვნები: გვ. 247-270. | ||
| 653 | _aსოკრატე | ||
| 653 | _aფილოსოფია | ||
| 700 |
_aურუშაძე, აკაკი _e მთარგმნელი _925202 |
||
| 700 |
_aგეწაძე, მერაბ _eმხატვარი _95470 |
||
| 942 |
_2udc _cᲬᲘᲒᲜᲘ |
||